000 00487nmm a2200169Ia 4500
008 251105s9999||||xx |||||||||||||||||und||
020 _a9788497830829
041 _abaq
100 _aKazabon Amigorena, Antton
245 0 _aKaixo, Kattin
264 _a[Madrid, España] :
_bElkar,
_c[Fecha de publicación no identificada]
300 _a84 páginas
490 _aTaupadak
650 _aAges 9-12 Years Old
856 _uhttps://public.digitaliapublishing.com/a/85352
942 _cCF
999 _c90594
_d90594